Broadcasting and New Media Policies in Western Europe / A Comparative Study of Technological Change and Public Policy (Record no. 4155)
[ view plain ]
| 000 -LEADER | |
|---|---|
| fixed length control field | 01227cam a22002174a 4500 |
| 005 - ΗΜΕΡΟΜΗΝΙΑ ΚΑΙ ΩΡΑ ΤΕΛΕΥΤΑΙΑΣ ΕΝΗΜΕΡΩΣΗΣ | |
| Πεδίο ελέγχου | 20250605164138.0 |
| 008 - FIXED-LENGTH DATA ELEMENTS--GENERAL INFORMATION | |
| Πεδίο ελέγχου σταθερού μήκους | 250528s ||||||||||||||||||||||||d |
| 035 ## - SYSTEM CONTROL NUMBER | |
| System control number | 18845 |
| 020 ## - ISBN | |
| ISBN | 415005094 |
| 040 ## - ΠΗΓΗ ΚΑΤΑΛΟΓΟΓΡΑΦΗΣΗΣ | |
| Φορέας πρωτότυπης καταλογογράφησης | MC Athens Campus Library |
| Γλώσσα καταλογογράφησης | Ελληνικά, Μοντέρνα (1453-) |
| Modifying agency | MC Athens Campus Library |
| Κανόνες περιγραφικής καταλογογράφησης | AACR2 |
| 245 1# - ΤΙΤΛΟΣ ΚΑΙ ΔΗΛΩΣΗ ΥΠΕΥΘΥΝΟΤΗΤΑΣ | |
| Τίτλος | Broadcasting and New Media Policies in Western Europe / A Comparative Study of Technological Change and Public Policy |
| 250 ## - EDITION STATEMENT | |
| Edition statement | 1st |
| 260 ## - PUBLICATION, DISTRIBUTION, ETC. | |
| Name of publisher, distributor, etc. | Rouledge, |
| Date of publication, distribution, etc. | 1988 |
| 300 ## - PHYSICAL DESCRIPTION | |
| Extent | 358 |
| 520 ## - SUMMARY, ETC. | |
| Summary, etc. | Preface, The Context of New Media Politics in Western Europe, The Debate about the Future of Broadcasting: An Analysis, Regulatory Change in Western Europe: From National Cultural Regulation to International Economic Statecraft, New Media Policies and the Politics of Central-Local Relations in France, New Media Policy Dilemmas in West Germany: From Ideological Polarisation to Regional Economic Competition, New Media in Britain: Is There a Policy?, Regulating New Media: The Implementation Process, Conclusions: Patterns of Regulatory Change in Western Europe, Appendix: Glossary, Index. |
| 700 1# - ΠΡΟΣΘΕΤΗ ΑΝΑΓΡΑΦΗ--ΦΥΣΙΚΟ ΠΡΟΣΩΠΟ | |
| Personal name | Dyson Kenneth And Humphreys Peter |
| 9 (RLIN) | 5113 |
| 700 1# - ΠΡΟΣΘΕΤΗ ΑΝΑΓΡΑΦΗ--ΦΥΣΙΚΟ ΠΡΟΣΩΠΟ | |
| Personal name | Negrine Ralph And Simon Jean-Paul |
| 9 (RLIN) | 5114 |
| 942 ## - ADDED ENTRY ELEMENTS (KOHA) | |
| Koha item type | Books |
| Τύπος τεκμηρίου | Βιβλιοθήκη | Τρέχουσα τοποθεσία | Barcode | Αριθμός εισαγωγής | Ημερομηνία απόκτησης | Ταξιθετικό σύμβολο | Αριθμός αντιτύπου | Κατάσταση απόσυρσης | Κατάσταση χαμένου | Κατάσταση κατεστραμμένου | Μη δανεισμός | Σύνολο δανεισμών | Ημερομηνία τελευταίας εμφάνισης | Η τιμή ισχύει από |
|---|---|---|---|---|---|---|---|---|---|---|---|---|---|---|
| Books | MC Athens Campus Library | MC Athens Campus Library | 9780000041548 | 3758 | 05/06/2025 | 384.55/4/094 DYS | 1 | 05/06/2025 | 05/06/2025 |